University Home | Library Home | Institutional Repository

Lifelong learning in Swedish curricula / (Record no. 191541)

MARC details
000 -LEADER
fixed length control field 00891cam6a220025300 4500
001 - CONTROL NUMBER
control field lce00162523
008 - FIXED-LENGTH DATA ELEMENTS--GENERAL INFORMATION
fixed length control field 760317s1975 sw b 000 0 eng
010 ## - LIBRARY OF CONGRESS CONTROL NUMBER
LC control number 76352809
015 ## - NATIONAL BIBLIOGRAPHY NUMBER
National bibliography number S***
035 ## - SYSTEM CONTROL NUMBER
System control number (Sirsi) r113883
035 ## - SYSTEM CONTROL NUMBER
System control number (DLC) 76352809
035 ## - SYSTEM CONTROL NUMBER
System control number (UPRA)lce00162523
043 ## - GEOGRAPHIC AREA CODE
Geographic area code e-sw---
050 0# - LIBRARY OF CONGRESS CALL NUMBER
Classification number LB5
Item number .D5 no. 48
Classification number LB1564.S9
100 1# - MAIN ENTRY--PERSONAL NAME
Personal name Fredriksson, Lennart.
Linkage A76266.1
245 10 - TITLE STATEMENT
Title Lifelong learning in Swedish curricula /
Statement of responsibility, etc. Lennart Fredriksson & Kurt Gestrelius.
260 ## - PUBLICATION, DISTRIBUTION, ETC.
Place of publication, distribution, etc. Malmo :
Name of publisher, distributor, etc. School of Education,
Date of publication, distribution, etc. 1975.
440 #0 - SERIES STATEMENT/ADDED ENTRY--TITLE
International Standard Serial Number 0046-0230 ; v20.1..1.6
Linkage S11973.1
504 ## - BIBLIOGRAPHY, ETC. NOTE
Bibliography, etc. note Bibliography: leaves 127-128.
650 #0 - SUBJECT ADDED ENTRY--TOPICAL TERM
Topical term or geographic name entry element Education -- Sweden -- Curricula.
Geographic subdivision Education -- Sweden -- Curricula.
General subdivision Education -- Sweden -- Curricula.
Linkage S56697.1
700 1# - ADDED ENTRY--PERSONAL NAME
Personal name Gestrelius, Kurt.
Linkage A76267.1
949 ## - LOCAL PROCESSING INFORMATION (OCLC)
a LB5
w lcc
i -163347
m MAIN
t BOOK
l ON-SHELF

No items available.

© 2026 - The University of Zambia Library - Koha v25.11